| 000 | 00525nam a2200181 a 4500 | ||
|---|---|---|---|
| 005 | 20140412111309.0 | ||
| 008 | 010326s19uu xx 00 eng d | ||
| 020 | _a0-920236-36-7 | ||
| 050 |
_aTR(PS E _bBo63 1986 |
||
| 100 | _aMunsch, Robert | ||
| 245 |
_aBoy in the drawer (The)/ _cRobert Munsch ; Michael Martchenko. |
||
| 260 |
_aToronto, Canada : _bAnnick Press Ltd, _c1986. |
||
| 300 | _a1 v. (unp.) ; ill. | ||
| 440 | _aMunsch for kids | ||
| 650 | _aChildren stories | ||
| 650 | _aMess--Fiction | ||
| 999 |
_c103866 _d103866 |
||